Dictionnaire symbolique des symboles /
Disimpan dalam:
| Pengarang Utama: | |
|---|---|
| Pengarang-pengarang Lain: | , |
| Format: | Buku |
| Bahasa: | French |
| Diterbitkan: |
[Monaco] :
Rocher,
c2000.
|
| Subjek-subjek: | |
| Penanda-penanda: |
Tambah Penanda
Tiada Penanda, Jadilah orang pertama menanda rekod ini!
|
| LEADER | 01231cam a22003614a 4500 | ||
|---|---|---|---|
| 001 | 009438043-0 | ||
| 005 | 20040823114115.0 | ||
| 008 | 001016s2000 mc acf be 000 0 fre c | ||
| 020 | |a 2268037568 | ||
| 035 | |a (hol)009207888-5 | ||
| 035 | 0 | |a ocm45208387 | |
| 040 | |a PUL |c PUL |d TZT |d LVB |d IXA | ||
| 042 | |a pcc | ||
| 050 | 4 | |a AZ108 |b .B44 2000 | |
| 072 | 7 | |a B |2 lcco | |
| 082 | 1 | 4 | |a 100 |2 1 |
| 100 | 1 | |a Begey, Roger. | |
| 245 | 1 | 0 | |a Dictionnaire symbolique des symboles / |c Roger Begey, Jean-Paul Bertrand, Jean-Yves Le Fèvre. |
| 260 | |a [Monaco] : |b Rocher, |c c2000. | ||
| 300 | |a 364 p., [4] p. of plates : |b ill. (some col.), ports. ; |c 25 cm. | ||
| 504 | |a Includes bibliographical references. | ||
| 650 | 0 | |a Symbolism |v Dictionaries |x French. | |
| 650 | 0 | |a Signs and symbols |v Dictionaries |x French. | |
| 650 | 6 | |a Symbolisme |x Dictionnaires français. | |
| 650 | 6 | |a Signes et symboles |x Dictionnaires français. | |
| 653 | |a Symbolism | ||
| 650 | 0 | |a Symbolism. | |
| 650 | 0 | |a Spiritual life. | |
| 700 | 1 | |a Bertrand, Jean-Paul. | |
| 700 | 1 | |a Le Fèvre, Jean-Yves. | |
| 776 | 0 | 8 | |i Online version: |a Begey, Roger. |t Dictionnaire symbolique des symboles. |d Monaco : Rocher, ©2000 |w (OCoLC)894623050 |
| 988 | |a 20040823 | ||
| 906 | |0 OCLC | ||


